000
00301nam a22001337a 4500
008
170504b xxu||||| |||| 00| 0 eng d
020
_a
0409950653
041
_a
eng
080
_a
343.9
100
_a
14
101
_a
SHJ
245
_a
CONTROLLING WHITE COLLAR CRIME
_c
CARROLL, J.M
942
_2
udc
_c
BK
999
_c
12647
_d
12647